Sources and systems of law and administration in ancient India (Record no. 2842)

MARC details
000 -LEADER
fixed length control field 00619 a2200193 4500
010 ## - LIBRARY OF CONGRESS CONTROL NUMBER
LC control number ENG-85534
020 ## - INTERNATIONAL STANDARD BOOK NUMBER
Terms of availability 100.00
035 ## - SYSTEM CONTROL NUMBER
System control number EN-69067
037 ## - SOURCE OF ACQUISITION
Source of stock number/acquisition D.B.Act / Pub
082 14 - DEWEY DECIMAL CLASSIFICATION NUMBER
Classification number 340.53
090 ## - LOCALLY ASSIGNED LC-TYPE CALL NUMBER (OCLC); LOCAL CALL NUMBER (OCLC)
-- 2897
-- 2897
100 1# - MAIN ENTRY--PERSONAL NAME
Personal name Joshi, M. N.
245 1# - TITLE STATEMENT
Title Sources and systems of law and administration in ancient India
Statement of responsibility, etc by M. N. Joshi
260 ## - PUBLICATION, DISTRIBUTION, ETC. (IMPRINT)
Place of publication, distribution, etc Jamakhandi
Name of publisher, distributor, etc Bhalachandra Prakashana
Date of publication, distribution, etc 2006
270 ## - ADDRESS
Address Vartak Galli
City Jamakhandi
Postal code 587301
300 ## - PHYSICAL DESCRIPTION
Extent viii, 126 p.
Dimensions 22 cm (Hb.)
942 ## - ADDED ENTRY ELEMENTS (KOHA)
Institution code [OBSOLETE] dpl
Koha item type English Books
Call number prefix 340.53 / JOS
Holdings
Withdrawn status Lost status Source of classification or shelving scheme Damaged status Not for loan Collection code Home library Current library Source of acquisition Cost, normal purchase price Total Checkouts Full call number Barcode Date last seen Copy number Uniform Resource Identifier Cost, replacement price Price effective from Koha item type
    Dewey Decimal Classification   Not For Loan Non-fiction D.B.Act.Division D.B.Act.Division DBAD/PUB 100.00   340.53 EN-69067 15/09/2008 1 3031 100.00 15/09/2008 English Books

© Delhi Public Library
Hit Counter
free hit counter